| 000 | 01257nam0a2200301 4500 | ||
|---|---|---|---|
| 001 | RU\NLR\bibl\911619 | ||
| 005 | 20250614183508.0 | ||
| 010 |
_a5-93179-078-0 _9500 |
||
| 021 |
_aRU _b2005-88484 _94373 |
||
| 035 | _a(NLR Aleph) 000899959 | ||
| 090 |
_a1769943 _c1769943 |
||
| 100 | _a20060301d2005 |||y0rusy50 ca | ||
| 101 | 0 | _arus | |
| 102 | _aRU | ||
| 105 | _ay ||||||||| | ||
| 200 | 1 |
_aКонституционный механизм защиты права человека на предпринимательскую деятельность _fЕ. Г. Лыкин _gГос. образоват. учреждение высш. проф. образования "Орлов. регион. акад. гос. службы" |
|
| 210 |
_aОрел _cОРАГС _d2005 |
||
| 215 |
_a107, [1] с. _d20 |
||
| 320 | _aБиблиогр. в подстроч. примеч. | ||
| 606 | 1 |
_aПраво на предпринимательство _yРоссийская Федерация _92304726 _3RU\NLR\auth\661379663 |
|
| 686 | _aХ620.321 | ||
| 700 | 1 |
_aЛыкин _bЕ. Г. _gЕвгений Геннадиевич _4070 |
|
| 801 | 0 |
_aRU _bNLR _c20060301 _grcr |
|
| 801 | 1 |
_aRU _bNLR _c20060301 |
|
| 942 | _cBOOK | ||
| 980 | _aNB | ||